00263nam a2200085 4500082002200000245005800022260006800080300000700148650002200155 a668.6 PETb007589 aUse of Potash Fertilizer in Agriculture in Sri Lanka bNatural Resources Energy & Science Authority of Sri Lankac1995 a40 aFertilizer,Potash